| 000 | 00828nam a22002897a 4500 | ||
|---|---|---|---|
| 003 | CHAP | ||
| 005 | 20220329140057.0 | ||
| 008 | 971013s1957 r 00010 d | ||
| 010 | _a46634 | ||
| 011 | _a47606 | ||
| 035 | _a51749 | ||
| 040 | _cCHAP | ||
| 082 |
_a512.895 _bT47 |
||
| 100 | 0 | 0 |
_aThrall, Robert M. _9112994 |
| 245 | _aVector spaces and matrices | ||
| 260 |
_aNew York : _bWiley, _c1957 |
||
| 300 | _a318 p. | ||
| 590 |
_aBATCH-UPD _b10 _c20130110 _lUCH01 _h0053 |
||
| 590 |
_aBATCH-UPD _b10 _c20130110 _lUCH01 _h1102 |
||
| 590 |
_aBATCH-UPD _b10 _c20130410 _lUCH01 _h0655 |
||
| 590 |
_aCONVERSION _b10 _c20130109 _lUCH01 _h1325 |
||
| 650 | 1 | 4 |
_aAlgebra abstracta. _93957 |
| 650 | 1 | 4 |
_aAnalisis vectorial. _95995 |
| 901 | _aBK | ||
| 942 | _cLIBRO | ||
| 949 |
_a512.895 T47 _bBC _cLIBRO _d33724000395042 _eLIBRO _i51749 _si |
||
| 999 |
_c46634 _d46634 |
||